| 000 | 00436nam a2200181Ia 4500 | ||
|---|---|---|---|
| 001 | 25440 | ||
| 005 | 20260414151150.0 | ||
| 008 | 260414t1999||||xx |||||||||||||| ||spa|| | ||
| 041 | _aESP | ||
| 082 |
_a346.5 _bT11C |
||
| 100 |
_aTaboada Córdova, Lizardo _eAUT |
||
| 245 | 0 |
_aLa causa del negocio jurídico _b |
|
| 260 | _c1999 | ||
| 300 |
_a573 páginas : _c24 cm. |
||
| 650 | _aDER | ||
| 654 | _aCDE | ||
| 942 |
_cLIB _dJUS _fJUS _2ddc _n |
||
| 999 |
_c25440 _d25440 |
||